Dieťa s problémovým správaním v materskej škole [vysokoškolská učebnica]

Bibliographic Details
Main Author: Žolnová, Jarmila, 1964- (Author)
Format: Book
Language:Slovak
PhysicalDescription:136 s. 21 cm
Published: Prešov Prešovská univerzita, Pedagogická fakulta 2014
ISBN:9788055511276
Edition:1. vyd.
Subjects:

MARC

LEADER 00000nam a2200000 a 4500
001 vtls010642483
003 SK-MaSNL
005 20260302020252.0
008 240318s2014 xo e an 000 0 slo
015 |a SNBA2015/01 
020 |a 9788055511276  |q (brož.) 
035 |a F1EB9090-FBD9-4DDC-9432-75A2F75F820F 
035 |a urn:nbn:sk:snk-amjpho 
035 |a urn:nbn:sk:snk-am002cpk 
040 |a SNK  |b slo  |c SNK  |e AACR2 
041 0 |a slo  |b eng  |b slo 
044 |a xo  |c SK 
072 7 |a 373.2/.3  |x Predškolská a primárna výchova a vzdelávanie  |2 konspekt 
072 7 |a 376  |x Výchova a vzdelávanie zvláštnych skupín osôb  |2 konspekt 
080 |a 316.346.32-053.2-056.49  |2 2001 
080 |a 616.89-008.447  |2 2001 
080 |a 373.24  |2 2001 
080 |a (075.8)  |2 2001 
080 |a 37.043.2  |2 2001 
080 |a 376  |2 2001 
100 1 |a Žolnová, Jarmila,  |d 1964-  |4 aut  |9 70473 
245 1 0 |a Dieťa s problémovým správaním v materskej škole  |b [vysokoškolská učebnica]  |c Jarmila Žolnová 
250 |a 1. vyd. 
260 |a Prešov  |b Prešovská univerzita, Pedagogická fakulta  |c 2014 
300 |a 136 s.  |c 21 cm 
504 |a Bibliogr.: s. 119-135 
546 |a Res. angl. 
650 0 7 |a problémové deti  |2 SNKPH  |9 4891 
650 0 7 |a Problem children  |2 SNKPHeng  |9 312930 
650 0 7 |a poruchy správania  |2 SNKPH  |9 18480 
650 0 7 |a Behavioral disorders  |2 SNKPHeng  |9 318570 
650 0 7 |a Kindergartens  |2 SNKPHeng  |9 265897 
650 0 7 |a materské školy  |2 SNKPH  |9 1278 
650 0 7 |a integrovaná výchova a vzdelávanie  |2 SNKPH  |9 67219 
650 0 7 |a Integrated education  |2 SNKPHeng  |9 306558 
650 0 7 |a špeciálna výchova  |2 SNKPH  |9 71398 
650 0 7 |a Special education  |2 SNKPHeng  |9 266101 
655 7 |a učebnice vysokých škôl  |2 SNKPH  |9 70191 
655 7 |a Textbooks (higher)  |2 SNKPHeng  |9 276436 
852 |a Štátna vedecká knižnica v Banskej Bystrici 
919 |a 978-80-555-1127-6 
958 |a NB 
999 |c 1024447  |d 1026377 
952 |a SNK  |b SNK  |y PREZ  |7 0  |p 17A1133326  |o snkSC 162234  |i snk2014/27660  |8 0  |0 0  |1 0  |4 0  |d 2014-12-11  |f 1  |l 0  |r 2025-08-26 00:00:00  |w 2026-02-24 
952 |a SNK  |b SNK  |y VYP  |7 0  |p 17A1133289  |o snkSC 162234 D1  |i snk2014/27661  |8 0  |0 0  |1 0  |4 0  |d 2014-12-11  |l 0  |r 2026-02-24 13:34:50  |w 2026-02-24